000 00431pab a2200169 454500
008 180718b2007 xxu||||| |||| 00| 0 eng d
100 _aPandey, Ashish
245 _aValue orientation of management students
260 _c2007
300 _ap.15-27.
362 _aApr-Jun
650 _aManagement education
700 _aSehgal, Punam
773 _aIndian Journal of Training and Development
908 _aN
909 _a74916
999 _c74916
_d74916